| 000 | 00447nam a2200181Ia 4500 | ||
|---|---|---|---|
| 001 | 12857 | ||
| 005 | 20260306163011.0 | ||
| 008 | 260306t2003||||xx |||||||||||||| ||spa|| | ||
| 041 | _aESP | ||
| 082 |
_aRD 370.3 _bM26 |
||
| 100 |
_aGrupo Editorial Ceac, S.A. _eAUT |
||
| 245 | 0 | _aDiccionario enciclopédico de educación | |
| 260 | _c2003 | ||
| 300 |
_a500 páginas : _c27 cm. |
||
| 650 | _aGEN | ||
| 654 | _aCED | ||
| 942 |
_cDIC _dJUS _fJUS _2ddc _n |
||
| 999 |
_c12857 _d12857 |
||